00628nam a22001697a 450000500170000001000130001702000260003003500110005603700130006708200080008010000500008824501040013824600490024226000520029127000920034330000230043520201026160413.0 aUR-10915 c150.00a9789389358988 aU-9470 bDBAD/PUB a841 dمحمد حنيف بشر بيجا پو ر ی  aا ر مغا ن بشر(بر آ ۓ ا طفا ل )cمحمد حنيف بشر بيجا پو ر ی  bArmughan-e-Bashar (Urdu)aby Bashar Bijapuri aN.Delhi bEducational Publishing Housec2019 ء aH.O.D1/16,Ansari Road,Darya ganj,bN.Delhie110002k45678285,23216162l0091-11-23211540 a128 ص c22 Cm(Hb)